[Event "13th Hainan Danzhou GM"]
[Site "Danzhou CHN"]
[Date "2022.12.12"]
[Round "1.1"]
[White "Giri, Anish"]
[Black "Rapport, Richard"]
[Result "1/2-1/2"]
[WhiteTitle "GM"]
[BlackTitle "GM"]
[WhiteElo "2764"]
[BlackElo "2740"]
[WhiteFideId "24116068"]
[BlackFideId "738590"]
[EventDate "2022.12.12"]

1. e4 e6 2. d4 d5 3. Nc3 Bb4 4. e5 c5 5. a3 Bxc3+ 6. bxc3 Nc6 7. Qg4 g6 8. a4
Qa5 9. Bd2 c4 10. h4 h6 11. Qd1 Bd7 12. Nf3 O-O-O 13. g3 Kb8 14. Bg2 Ka8 15. O-O
f5 16. exf6 Nxf6 17. Qc1 g5 18. hxg5 hxg5 19. Bxg5 Rdf8 20. Bxf6 Rxf6 21. Qe3
Be8 22. Ng5 Bg6 23. Rac1 Bf5 24. Rfe1 Qxa4 25. f3 Qa5 26. g4 Bg6 27. f4 Nd8 28.
Qg3 Rhf8 29. Nh3 Qc7 30. Re3 a6 31. f5 Qxg3 32. Rxg3 exf5 33. Nf4 fxg4 34. Nxd5
Rd6 35. Rxg4 Ka7 36. Ne3 b5 37. Rg5 Be8 38. Ra1 Rg6 39. Re5 Bc6 40. d5 Bb7 41.
Rf1 Rfg8 42. Re7 Kb6 43. Kf2 R6g7 44. Rxg7 Rxg7 45. Ke2 Kc5 46. Rf5 Rd7 47. Ng4
Re7+ 48. Kd2 Bc8 49. Rf4 Bxg4 50. Rxg4 Nb7 51. Rg8 Nd6 52. Ra8 Kb6 53. Rd8 Nb7
54. Rc8 Rc7 55. Rg8 a5 56. Rg6+ Kc5 57. Ra6 a4 58. Kc1 Nd6 59. Kb2 Nf5 60. Re6
Nd6 61. Rg6 Ra7 62. Ka3 Re7 63. Rg8 Re2 64. Kb2 a3+ 65. Kxa3 Rxc2 66. Rg3 Kb6
67. Bh1 Ka5 68. Rh3 Kb6 69. Rg3 Kc5 70. Rh3 Re2 71. Rh7 Kb6 72. Rh6 Kc5 73. Rh7
Kb6 74. Rh6 Kc5 75. Rh7 1/2-1/2

[Event "13th Hainan Danzhou GM"]
[Site "Danzhou CHN"]
[Date "2022.12.12"]
[Round "1.2"]
[White "Bu, Xiangzhi"]
[Black "Ju, Wenjun"]
[Result "1-0"]
[WhiteTitle "GM"]
[BlackTitle "GM"]
[WhiteElo "2698"]
[BlackElo "2555"]
[WhiteFideId "8601445"]
[BlackFideId "8603006"]
[EventDate "2022.12.12"]

1. d4 Nf6 2. c4 e6 3. Nc3 Bb4 4. e3 O-O 5. Bd3 d5 6. a3 Bxc3+ 7. bxc3 dxc4 8.
Bxc4 c5 9. Ne2 Qc7 10. Bd3 Nc6 11. f4 b6 12. O-O Rd8 13. Ng3 Bb7 14. Bb2 c4 15.
Bc2 e5 16. fxe5 Nxe5 17. e4 Qc6 18. Qd2 Nd3 19. Bxd3 cxd3 20. Rae1 Re8 21. e5
Nd7 22. Nf5 f6 23. Re3 g6 24. Nd6 fxe5 25. Nxe8 Rxe8 26. c4 Qxc4 27. dxe5 Nc5
28. e6 Ne4 29. Qb4 Qxb4 30. axb4 d2 31. Rd1 Bd5 32. e7 Rxe7 33. Rxd2 Bb7 34.
Rd8+ Kf7 35. b5 a6 36. bxa6 Bxa6 37. Rh8 Ng5 38. Rxe7+ Kxe7 39. h4 Nf7 40. Rxh7
Bd3 41. h5 gxh5 42. Rxh5 b5 43. Rc5 Kd6 44. Ba3 Ke6 45. Kf2 Ne5 46. Bb2 Nd7 47.
Rg5 b4 48. Ke3 Bc2 49. Rb5 b3 50. g4 Nf8 51. Kf4 Kf7 52. Kg5 Ne6+ 53. Kh6 Nf4
54. g5 Ke7 55. Rb6 Kd7 56. Be5 Nd3 57. Bd4 Nf4 58. Rf6 Nd5 59. Rf7+ Ke6 60. Rb7
Nf4 61. Rb5 Kd7 62. Bc3 Ke6 63. Kg7 Nh5+ 64. Kf8 Nf4 65. Re5+ Kd7 66. Kf7 Kc6
67. Re1 Kc5 68. Bf6 Kc4 69. Ra1 Ng6 70. Ra6 Kb5 71. Ra8 Nh4 72. Rc8 Ng6 73. Bb2
Nf4 74. Kf6 Nd5+ 75. Ke5 Ne7 76. Ke6 Ng6 77. Kd6 Kb4 78. Rc5 Ka4 79. Bc3 b2 80.
Bxb2 Kb3 81. Bd4 Be4 82. Ke6 Kb4 83. Kf6 Nh4 84. Bf2 Ng6 85. Rc8 1-0

[Event "13th Hainan Danzhou GM"]
[Site "Danzhou CHN"]
[Date "2022.12.12"]
[Round "1.4"]
[White "Vachier-Lagrave, Maxime"]
[Black "Ding, Liren"]
[Result "1/2-1/2"]
[WhiteTitle "GM"]
[BlackTitle "GM"]
[WhiteElo "2737"]
[BlackElo "2811"]
[WhiteFideId "623539"]
[BlackFideId "8603677"]
[EventDate "2022.12.12"]

1. e4 e5 2. Nf3 Nc6 3. Bb5 a6 4. Ba4 Nf6 5. O-O Be7 6. Re1 b5 7. Bb3 O-O 8. c3
d5 9. exd5 Nxd5 10. Nxe5 Nxe5 11. Rxe5 c6 12. d3 Bd6 13. Re1 Bf5 14. Qf3 Qh4 15.
g3 Qh3 16. Be3 Bxd3 17. Nd2 Bf5 18. Bd4 Bg4 19. Qg2 Rfd8 20. Ne4 Bf8 21. Bd1 h6
22. Qxh3 Bxh3 23. Bf3 Rac8 24. Rad1 c5 25. Be5 Be6 26. g4 Be7 27. Ng3 g6 28. Ne4
Rd7 29. h4 Rcd8 30. g5 hxg5 31. hxg5 Bf5 32. Nf6+ Nxf6 33. gxf6 Bf8 34. Rxd7
Rxd7 35. Bf4 Be6 36. Bc6 Rd3 37. Be4 Rd7 38. Bxg6 Bd6 39. Bg5 fxg6 40. Rxe6 Kf7
41. Re4 Bc7 42. Rh4 Ke6 43. Re4+ Kf7 44. Rh4 Ke6 45. Rh8 Kf5 46. Be3 Kxf6 47.
Bxc5 Rd2 48. Rc8 Be5 49. Rc6+ Kf5 50. Ba3 Ke4 51. Kg2 g5 52. Rg6 b4 53. Bxb4
Rxb2 54. a4 Bf4 55. Rxa6 g4 56. Re6+ Kf5 57. Re8 g3 58. Bc5 Ra2 59. Bb6 gxf2 60.
a5 Bd2 61. Rf8+ Ke4 62. Rxf2 Kd3 63. c4 Kxc4 64. Be3 Rxa5 65. Rxd2 Rf5 66. Bf2
Rf4 67. Kg3 Rf5 68. Rd4+ Kc3 69. Be3 Rf7 70. Rd6 Kc4 71. Bf4 Re7 72. Kg4 Re1 73.
Kf5 Re2 74. Be5 Re3 75. Rd4+ Kc5 76. Ke6 Re2 77. Rd3 Rc2 78. Rd5+ Kc4 79. Kd6
Kb3 80. Rd3+ Kc4 81. Rd4+ Kc3 82. Kc5 Rd2 83. Rg4+ Kd3 84. Kd5 Re2 85. Bd4 Kd2
86. Rg3 Kc2 87. Kc4 Kd2 88. Ra3 Kc2 89. Be3 Kd1 90. Kd3 Rd2+ 91. Ke4 Rb2 92.
Ra1+ Ke2 93. Rg1 Rc2 94. Rg2+ Kd1 95. Rxc2 Kxc2 1/2-1/2

[Event "13th Hainan Danzhou GM"]
[Site "Danzhou CHN"]
[Date "2022.12.12"]
[Round "2.1"]
[White "Rapport, Richard"]
[Black "Ding, Liren"]
[Result "1/2-1/2"]
[WhiteTitle "GM"]
[BlackTitle "GM"]
[WhiteElo "2740"]
[BlackElo "2811"]
[WhiteFideId "738590"]
[BlackFideId "8603677"]
[EventDate "2022.12.12"]

1. Nf3 d5 2. g3 Nf6 3. Bg2 c5 4. O-O e6 5. d3 Be7 6. e4 O-O 7. e5 Nfd7 8. a4 Nc6
9. Re1 a6 10. h4 Rb8 11. Nbd2 Qc7 12. Nf1 b5 13. N1h2 bxa4 14. Qe2 a5 15. h5 h6
16. Rxa4 Ba6 17. Rg4 Kh7 18. c3 Rg8 19. Rf4 Rbf8 20. Ng4 Qb8 21. Qd2 Bg5 22.
Nxg5+ hxg5 23. Rfe4 dxe4 24. Bxe4+ Kh8 25. Bxc6 Qc7 26. Ba4 f5 27. exf6 gxf6 28.
Rxe6 Bc8 29. Rc6 Qb7 30. d4 Rg7 31. dxc5 Re7 32. Kh2 Ne5 33. Nxe5 Rxe5 34. Qd6
Qf7 35. Bd1 Rd5 36. Rc7 Qg8 37. Qe7 Re5 38. Qd6 Rd5 39. Qe7 Re5 40. Qd6 Rd5 1/2-1/2

[Event "13th Hainan Danzhou GM"]
[Site "Danzhou CHN"]
[Date "2022.12.12"]
[Round "2.3"]
[White "Ju, Wenjun"]
[Black "Andreikin, Dmitry"]
[Result "1/2-1/2"]
[WhiteTitle "GM"]
[BlackTitle "GM"]
[WhiteElo "2555"]
[BlackElo "2729"]
[WhiteFideId "8603006"]
[BlackFideId "4158814"]
[EventDate "2022.12.12"]

1. d4 d5 2. c4 e6 3. Nf3 a6 4. cxd5 exd5 5. Nc3 Nf6 6. Bg5 Be6 7. e3 Nbd7 8. Bd3
h6 9. Bh4 g5 10. Bg3 Nh5 11. Qc2 Nxg3 12. hxg3 c6 13. a3 Bg7 14. Na4 a5 15. Nc5
Nxc5 16. dxc5 g4 17. Nd4 Bxd4 18. exd4 Qf6 19. O-O-O O-O-O 20. Bf1 h5 21. Qd2
Rde8 22. Rh4 Bd7 23. Qf4 Qxf4+ 24. gxf4 Bf5 25. Bd3 Bxd3 26. Rxd3 Re1+ 27. Rd1
Re2 28. Rd2 Re1+ 29. Rd1 Re2 30. Rd2 Re1+ 31. Rd1 1/2-1/2

[Event "13th Hainan Danzhou GM"]
[Site "Danzhou CHN"]
[Date "2022.12.12"]
[Round "2.4"]
[White "Giri, Anish"]
[Black "Bu, Xiangzhi"]
[Result "1-0"]
[WhiteTitle "GM"]
[BlackTitle "GM"]
[WhiteElo "2764"]
[BlackElo "2698"]
[WhiteFideId "24116068"]
[BlackFideId "8601445"]
[EventDate "2022.12.12"]

1. e4 e5 2. Nf3 Nf6 3. Nxe5 d6 4. Nf3 Nxe4 5. Nc3 Nxc3 6. dxc3 Be7 7. Be3 Nc6 8.
Qd2 Be6 9. O-O-O Qd7 10. Kb1 Bf6 11. h3 h5 12. Nd4 Bxd4 13. cxd4 d5 14. h4 O-O-O
15. Be2 Rde8 16. Rhe1 Bf5 17. Bf1 Re7 18. f3 Rhe8 19. Bf2 Rxe1 20. Rxe1 Rxe1+
21. Qxe1 Qe7 22. Qxe7 Nxe7 23. Kc1 Kd7 24. Kd2 f6 25. b3 Be6 26. c4 c6 27. a4
Nf5 28. Kc3 Nd6 29. c5 Nf5 30. b4 Ne7 31. b5 Kc8 32. Be2 Bd7 33. g4 Ng8 34. gxh5
cxb5 35. axb5 Be8 36. f4 f5 37. Bd3 Ne7 38. h6 gxh6 39. h5 Kd7 40. Bh4 Ke6 41.
Kb4 Nc8 42. Be2 Ne7 43. Ka5 Nc8 44. Bd8 Bd7 45. Bc7 Kf7 46. Bf3 Be6 47. c6 bxc6
48. bxc6 Ke7 49. Ka6 Ke8 50. Bd1 Ne7 51. Ba4 Bf7 52. Kb7 Be6 53. Kxa7 Nc8+ 54.
Kb7 Ke7 55. Be5 Kf7 56. Bb5 Ke7 57. Ba6 Kd8 58. Kb8 1-0

[Event "13th Hainan Danzhou GM"]
[Site "Danzhou CHN"]
[Date "2022.12.13"]
[Round "3.1"]
[White "Bu, Xiangzhi"]
[Black "Rapport, Richard"]
[Result "1-0"]
[WhiteTitle "GM"]
[BlackTitle "GM"]
[WhiteElo "2698"]
[BlackElo "2740"]
[WhiteFideId "8601445"]
[BlackFideId "738590"]
[EventDate "2022.12.12"]

1. Nf3 Nf6 2. c4 b6 3. g3 Bb7 4. Bg2 g6 5. O-O Bg7 6. b3 O-O 7. Bb2 c5 8. d4 Na6
9. Nc3 e6 10. dxc5 Nxc5 11. b4 Nce4 12. Nxe4 Bxe4 13. Qd6 Rc8 14. Rac1 Bxf3 15.
Bxf3 Ne4 16. Bxe4 Bxb2 17. Rc2 Bf6 18. Rd1 Be7 19. Qxd7 Bxb4 20. Rd3 Qxd7 21.
Rxd7 a5 22. Kf1 b5 23. cxb5 Rxc2 24. Bxc2 Rb8 25. a4 Kf8 26. Ra7 Rb6 27. Be4 Rd6
28. Bc6 h5 29. h4 Bc3 30. Kg2 Bb4 31. e3 Bc3 32. Rc7 Rd8 33. b6 Be5 34. Ra7 Rd6
35. Ra8+ Ke7 36. Re8+ Kf6 37. Rc8 Ke7 38. f4 1-0

[Event "13th Hainan Danzhou GM"]
[Site "Danzhou CHN"]
[Date "2022.12.13"]
[Round "3.2"]
[White "Andreikin, Dmitry"]
[Black "Giri, Anish"]
[Result "1/2-1/2"]
[WhiteTitle "GM"]
[BlackTitle "GM"]
[WhiteElo "2729"]
[BlackElo "2764"]
[WhiteFideId "4158814"]
[BlackFideId "24116068"]
[EventDate "2022.12.12"]

1. Nf3 d5 2. d4 Nf6 3. c3 c5 4. dxc5 e6 5. b4 a5 6. e3 axb4 7. cxb4 b6 8. a4
bxc5 9. b5 c4 10. Be2 Bb4+ 11. Bd2 Ba5 12. O-O O-O 13. Bxa5 Qxa5 14. Qd4 Nbd7
15. Nc3 Bb7 16. Rfc1 Rfc8 17. Ne5 Nxe5 18. Qxe5 Nd7 19. Qd6 Nc5 20. Rc2 Nb3 21.
Rd1 Nc5 22. Ra1 Nb3 23. Rd1 Nc5 24. Ra1 1/2-1/2

[Event "13th Hainan Danzhou GM"]
[Site "Danzhou CHN"]
[Date "2022.12.13"]
[Round "3.3"]
[White "Vachier-Lagrave, Maxime"]
[Black "Ju, Wenjun"]
[Result "1-0"]
[WhiteTitle "GM"]
[BlackTitle "GM"]
[WhiteElo "2737"]
[BlackElo "2555"]
[WhiteFideId "623539"]
[BlackFideId "8603006"]
[EventDate "2022.12.12"]

1. d4 Nf6 2. c4 e6 3. Nc3 Bb4 4. e3 O-O 5. Bd2 d5 6. Nf3 b6 7. cxd5 exd5 8. Bd3
Bb7 9. O-O Bd6 10. Qb1 Re8 11. b4 a6 12. Rc1 Ne4 13. Be1 Nd7 14. a4 Ndf6 15. Ne2
Qe7 16. Qb2 c5 17. bxc5 bxc5 18. dxc5 Nxc5 19. Bc2 Nfe4 20. Rab1 Rab8 21. Ned4
Qf6 22. Qa2 h5 23. Rxb7 Rxb7 24. Qxd5 Rbb8 25. Qxh5 Rbc8 26. Rd1 Bf8 27. Qg4 Qg6
28. Qxg6 fxg6 29. Nh4 g5 30. Ng6 g4 31. Bb1 Nxa4 32. Ba2+ Kh7 33. Nxf8+ Rxf8 34.
Bb1 Rfe8 35. f3 Nb2 36. Rd2 Rc1 37. Bxe4+ Rxe4 38. fxe4 Rxe1+ 39. Kf2 Rb1 40.
Nf5 Nd1+ 41. Kg3 Nc3 42. Rd7 Nxe4+ 43. Kf4 Nc5 44. Rxg7+ Kh8 45. Ra7 Rb2 46. Kg5
Kg8 47. Nh6+ Kf8 48. Nxg4 Rxg2 49. h4 Ne4+ 50. Kf4 Nf2 51. Ne5 Nd1 52. Rxa6 Rf2+
53. Nf3 Nc3 54. e4 Re2 55. Ng5 Kg7 56. h5 Rh2 57. Rg6+ Kh8 58. h6 Rf2+ 59. Ke3
Rf8 60. Rc6 Nd1+ 61. Kd4 Rg8 62. Rc5 Nf2 63. h7 Rd8+ 64. Rd5 Rxd5+ 65. exd5 Ng4
66. d6 Nf6 67. Ke5 Nd7+ 68. Ke6 Nc5+ 69. Kf7 Nd7 70. Kg6 Ne5+ 71. Kf6 Nd7+ 72.
Ke6 Nb6 73. Kf7 Nd7 74. Ne4 Ne5+ 75. Ke6 Nc6 76. Ng5 Kg7 77. d7 Nd8+ 78. Kd6 1-0

[Event "13th Hainan Danzhou GM"]
[Site "Danzhou CHN"]
[Date "2022.12.13"]
[Round "4.2"]
[White "Ju, Wenjun"]
[Black "Ding, Liren"]
[Result "1/2-1/2"]
[WhiteTitle "GM"]
[BlackTitle "GM"]
[WhiteElo "2555"]
[BlackElo "2811"]
[WhiteFideId "8603006"]
[BlackFideId "8603677"]
[EventDate "2022.12.12"]

1. d4 d6 2. Nf3 g6 3. e4 Bg7 4. Bc4 Nf6 5. Qe2 O-O 6. e5 dxe5 7. dxe5 Nd5 8. O-O
Bg4 9. Nbd2 Nb6 10. Bd3 Nc6 11. h3 Be6 12. Be4 Qd7 13. a4 Rad8 14. a5 Nd5 15.
Nb3 b6 16. axb6 axb6 17. Bd2 Nxe5 18. Nfd4 Nf6 19. Nxe6 Qxe6 20. Bb7 Ne8 21.
Rfe1 Nd6 22. Ba6 Nec4 23. Qxe6 fxe6 24. Bc1 Nxb2 25. Ra2 Ra8 26. Rxe6 Nd1 27.
Rxe7 Rf7 28. Rxf7 Nxf7 29. Bd2 Nc3 30. Bxc3 Bxc3 31. Ra4 1/2-1/2

[Event "13th Hainan Danzhou GM"]
[Site "Danzhou CHN"]
[Date "2022.12.13"]
[Round "4.3"]
[White "Giri, Anish"]
[Black "Vachier-Lagrave, Maxime"]
[Result "1/2-1/2"]
[WhiteTitle "GM"]
[BlackTitle "GM"]
[WhiteElo "2764"]
[BlackElo "2737"]
[WhiteFideId "24116068"]
[BlackFideId "623539"]
[EventDate "2022.12.12"]

1. d4 Nf6 2. c4 e6 3. Nf3 d5 4. g3 Be7 5. Bg2 O-O 6. O-O c6 7. Qc2 Nbd7 8. Bf4
b6 9. Rd1 Bb7 10. Ne5 Rc8 11. Nc3 c5 12. cxd5 exd5 13. Nxd7 Qxd7 14. dxc5 Bxc5
15. e3 d4 16. Bxb7 Qxb7 17. exd4 Bb4 18. Qd3 Bxc3 19. bxc3 Qd5 20. Rac1 Rc4 21.
Re1 Rfc8 22. Re7 h6 23. Rxa7 Ne4 24. Bd2 b5 25. a3 Nc5 26. Qc2 Ne4 27. Qd3 Nc5
28. Qe3 Nb3 29. Re1 Nxd2 30. Qxd2 Rxc3 31. Re8+ Rxe8 32. Qxc3 Re4 33. Qc8+ Kh7
34. Qc2 f5 35. Qc3 Re2 36. Rc7 Qe4 37. Kf1 Ra2 38. Kg1 Re2 39. Kf1 Ra2 40. Kg1
Re2 1/2-1/2

[Event "13th Hainan Danzhou GM"]
[Site "Danzhou CHN"]
[Date "2022.12.13"]
[Round "4.4"]
[White "Bu, Xiangzhi"]
[Black "Andreikin, Dmitry"]
[Result "1/2-1/2"]
[WhiteTitle "GM"]
[BlackTitle "GM"]
[WhiteElo "2698"]
[BlackElo "2729"]
[WhiteFideId "8601445"]
[BlackFideId "4158814"]
[EventDate "2022.12.12"]

1. Nf3 d5 2. d4 Nf6 3. c4 e6 4. Nc3 a6 5. cxd5 exd5 6. Bg5 Be6 7. Qb3 Nbd7 8. e3
Rb8 9. Be2 Bd6 10. O-O O-O 11. Rac1 c6 12. Na4 Re8 13. Nc5 Qc7 14. Bxf6 Nxf6 15.
Qc2 Bg4 16. h3 Bh5 17. Rfe1 Bg6 18. Bd3 Qe7 19. Nh4 Bxd3 20. Nxd3 Bc7 21. Nf3
Ne4 22. b4 Bd6 23. Qb3 Ng5 24. Nxg5 Qxg5 25. Qd1 Re6 26. a4 Qf5 27. Rc3 Rg6 28.
Kf1 Qe4 29. Qf3 Qxf3 30. gxf3 Rh6 31. Kg2 Rg6+ 32. Kf1 Rh6 33. Kg2 Rg6+ 34. Kf1 1/2-1/2

[Event "13th Hainan Danzhou GM"]
[Site "Danzhou CHN"]
[Date "2022.12.14"]
[Round "5.1"]
[White "Andreikin, Dmitry"]
[Black "Rapport, Richard"]
[Result "1/2-1/2"]
[WhiteTitle "GM"]
[BlackTitle "GM"]
[WhiteElo "2729"]
[BlackElo "2740"]
[WhiteFideId "4158814"]
[BlackFideId "738590"]
[EventDate "2022.12.12"]

1. d4 Nf6 2. c4 e6 3. Nf3 b6 4. a3 Bb7 5. Nc3 Ne4 6. Nxe4 Bxe4 7. Nd2 Bb7 8. e4
g6 9. Bd3 Bg7 10. Nf3 O-O 11. h4 f5 12. exf5 gxf5 13. Bg5 Qe8 14. Be2 d6 15. Qd2
e5 16. dxe5 dxe5 17. Bh6 Nc6 18. Bxg7 Kxg7 19. O-O-O Rd8 20. Qc3 Qe6 21. Rd5
Rxd5 22. cxd5 Qxd5 23. Rd1 Qc5 24. Bc4 Re8 25. Rd7+ Kh6 26. g4 Re7 27. g5+ Kh5
28. b4 Qxf2 29. Rd2 Qg3 30. Be2 Kg6 31. h5+ Kg7 32. h6+ Kf8 33. Kb2 Nd4 34. Nxd4
Qxc3+ 35. Kxc3 exd4+ 36. Kxd4 Re4+ 37. Kc3 Re3+ 38. Kd4 Re4+ 39. Kc3 Re3+ 40.
Kd4 Re4+ 1/2-1/2

[Event "13th Hainan Danzhou GM"]
[Site "Danzhou CHN"]
[Date "2022.12.14"]
[Round "5.2"]
[White "Vachier-Lagrave, Maxime"]
[Black "Bu, Xiangzhi"]
[Result "1/2-1/2"]
[WhiteTitle "GM"]
[BlackTitle "GM"]
[WhiteElo "2737"]
[BlackElo "2698"]
[WhiteFideId "623539"]
[BlackFideId "8601445"]
[EventDate "2022.12.12"]

1. e4 e5 2. Nf3 Nf6 3. d4 exd4 4. e5 Ne4 5. Qxd4 d5 6. exd6 Nxd6 7. Nc3 Nc6 8.
Qf4 Nf5 9. Bb5 Bd6 10. Qe4+ Qe7 11. O-O O-O 12. Bxc6 bxc6 13. Qxc6 Rb8 14. Re1
Nd4 15. Rxe7 Nxc6 16. Re2 Bg4 17. Re4 Bf5 18. Rc4 Na5 19. Ra4 Nc6 20. b3 Nb4 21.
Ba3 Rb7 22. Rd1 Rfb8 23. Bxb4 Rxb4 24. Rxb4 Bxb4 25. Nd5 Bd6 26. Nd4 Bd7 27. h3
Kf8 28. Kf1 a5 29. a4 c5 30. Nb5 Bxb5+ 31. axb5 Rxb5 32. Ne3 Bf4 33. Ke2 Bxe3
34. Kxe3 Rb4 35. Rd5 c4 36. Rd4 a4 37. bxc4 a3 38. Rd8+ Ke7 39. Ra8 Rxc4 40. Kd3
Rf4 41. f3 Rf6 42. Rxa3 Rg6 43. Ra7+ Ke8 44. g4 Rh6 45. c4 Rxh3 46. Ke4 h5 47.
c5 hxg4 48. c6 Kd8 49. fxg4 Rc3 50. Kd5 Rg3 51. Kd6 Rd3+ 52. Ke5 Re3+ 53. Kf5
Rf3+ 54. Ke4 Rc3 55. Kd5 Rg3 56. Kd6 Rd3+ 57. Ke5 Re3+ 58. Kf4 Rc3 59. Rxf7 Rxc6
60. Rxg7 Ke8 61. Kg5 Kf8 62. Rg6 Rc1 63. Ra6 Kg8 64. Kg6 Rc8 65. g5 Rb8 66. Rf6
Ra8 67. Kh6 Rb8 68. g6 Ra8 69. g7 Rb8 70. Rf8+ Rxf8 71. gxf8=Q+ Kxf8 1/2-1/2

[Event "13th Hainan Danzhou GM"]
[Site "Danzhou CHN"]
[Date "2022.12.14"]
[Round "5.3"]
[White "Ding, Liren"]
[Black "Giri, Anish"]
[Result "0-1"]
[WhiteTitle "GM"]
[BlackTitle "GM"]
[WhiteElo "2811"]
[BlackElo "2764"]
[WhiteFideId "8603677"]
[BlackFideId "24116068"]
[EventDate "2022.12.12"]

1. d4 Nf6 2. Nf3 g6 3. c4 Bg7 4. e3 O-O 5. Be2 c5 6. d5 d6 7. Nc3 e6 8. O-O Re8
9. e4 exd5 10. exd5 Bf5 11. Nh4 Bd7 12. h3 Ne4 13. Nxe4 Rxe4 14. Nf3 Na6 15. Bd3
Re8 16. a3 Rb8 17. Bf4 Qf6 18. Qd2 Qxb2 19. Qxb2 Bxb2 20. Bxd6 Bxa1 21. Bxb8
Nxb8 22. Rxa1 Ba4 23. g4 Nd7 24. Kg2 b5 25. cxb5 Nb6 26. Rc1 c4 27. Bxc4 Rc8 28.
Ne5 Bxb5 29. Nc6 Rxc6 30. dxc6 Bxc4 31. c7 Be6 32. Rd1 Nd5 33. Rc1 Nb6 34. Kg3
Kf8 35. Rd1 Ke7 36. Rd8 Bd7 37. Rh8 a5 38. h4 a4 39. h5 gxh5 40. gxh5 Bf5 41.
Kf4 Kf6 42. Rd8 Nc8 43. Rd5 Be6 44. Ra5 Nb6 45. Rb5 Nc8 46. Rb4 Ne7 47. Ke4 Bf5+
48. Kf3 Bd7 49. Ke4 Bf5+ 50. Kf3 Bd7 51. Rb8 Ke5 52. Rh8 Bf5 53. Rd8 Nc8 54. Ke3
Nd6 55. h6 Nc4+ 56. Kf3 Nd6 57. Kg3 f6 58. f3 Be6 59. Ra8 Bd7 60. Rh8 Bf5 61.
Rd8 Be6 62. Rh8 Bf5 63. Rf8 Be6 64. f4+ Kd5 65. Kf3 Kc6 66. Rxf6 Bd5+ 67. Kg4
Kxc7 68. Rf8 Kd7 69. f5 Nf7 70. Kf4 Nxh6 71. Ke5 Bb3 72. Kf6 Bc2 73. Ra8 Nxf5
74. Ra7+ Kd6 75. Rxh7 Ne3 76. Rh1 Nc4 77. Rc1 Nxa3 0-1

[Event "13th Hainan Danzhou GM"]
[Site "Danzhou CHN"]
[Date "2022.12.14"]
[Round "6.1"]
[White "Rapport, Richard"]
[Black "Ju, Wenjun"]
[Result "1-0"]
[WhiteTitle "GM"]
[BlackTitle "GM"]
[WhiteElo "2740"]
[BlackElo "2555"]
[WhiteFideId "738590"]
[BlackFideId "8603006"]
[EventDate "2022.12.12"]

1. e4 e5 2. Nf3 Nc6 3. Bc4 Bc5 4. c3 Nf6 5. d3 d6 6. h3 a5 7. Nbd2 Be6 8. Bb5
O-O 9. O-O Ba7 10. Ba4 Ne7 11. d4 Ng6 12. Bc2 Nh5 13. Nxe5 dxe5 14. Qxh5 exd4
15. Nf3 d3 16. Bb3 Bxb3 17. axb3 Bb6 18. Re1 Qd7 19. Ra4 f6 20. Qd5+ Qxd5 21.
exd5 Rfd8 22. c4 c6 23. dxc6 bxc6 24. Bd2 Kf7 25. g3 Bc7 26. Bc3 Ne5 27. Nd2 c5
28. Kg2 Nc6 29. Ne4 Bb6 30. Raa1 Ra7 31. Re3 Rad7 32. Rd1 Nb4 33. Rf3 h6 34.
Nxf6 Rb7 35. Nd5+ Kg8 36. Bxb4 axb4 37. Rfxd3 Ba5 38. Nf6+ gxf6 39. Rxd8+ Bxd8
40. Rxd8+ Kf7 41. Rc8 Rd7 42. Rxc5 Rd2 43. Rb5 Rxb2 44. Rxb4 1-0

[Event "13th Hainan Danzhou GM"]
[Site "Danzhou CHN"]
[Date "2022.12.14"]
[Round "6.3"]
[White "Bu, Xiangzhi"]
[Black "Ding, Liren"]
[Result "1/2-1/2"]
[WhiteTitle "GM"]
[BlackTitle "GM"]
[WhiteElo "2698"]
[BlackElo "2811"]
[WhiteFideId "8601445"]
[BlackFideId "8603677"]
[EventDate "2022.12.12"]

1. Nf3 Nf6 2. c4 e6 3. Nc3 d5 4. d4 c6 5. e3 Nbd7 6. Qc2 Bd6 7. b3 O-O 8. Be2 b6
9. O-O Bb7 10. Bb2 Re8 11. Rad1 Qe7 12. Rfe1 Rad8 13. e4 Nxe4 14. Nxe4 dxe4 15.
Qxe4 Bb4 16. Rf1 Bd6 17. Rfe1 Bb4 18. Rf1 Bd6 19. Rfe1 Bb4 20. Rf1 Bd6 21. Rfe1
Bb4 22. Rf1 Bd6 23. Rfe1 Bb4 1/2-1/2

[Event "13th Hainan Danzhou GM"]
[Site "Danzhou CHN"]
[Date "2022.12.14"]
[Round "6.4"]
[White "Andreikin, Dmitry"]
[Black "Vachier-Lagrave, Maxime"]
[Result "1/2-1/2"]
[WhiteTitle "GM"]
[BlackTitle "GM"]
[WhiteElo "2729"]
[BlackElo "2737"]
[WhiteFideId "4158814"]
[BlackFideId "623539"]
[EventDate "2022.12.12"]

1. Nf3 d5 2. d4 Nf6 3. c4 dxc4 4. e3 e6 5. Bxc4 a6 6. O-O c5 7. dxc5 Bxc5 8.
Qxd8+ Kxd8 9. Ne5 Ke7 10. Be2 Nbd7 11. Nc4 b6 12. Nc3 a5 13. Na4 Ba6 14. Nxc5
bxc5 15. b3 a4 16. Ba3 Rhb8 17. Rfc1 axb3 18. axb3 Rxb3 19. Nd2 Rbb8 20. Bf3 Nd5
21. Ne4 Bd3 22. Bxc5+ Nxc5 23. Rxa8 Rxa8 24. Nxc5 Bc2 25. h3 Ra2 26. Bxd5 exd5
27. Na6 Rxa6 28. Rxc2 Rd6 29. Rd2 h5 30. g3 Ke6 31. Kg2 Rc6 32. g4 hxg4 33. hxg4
Rc4 34. Kf3 g6 35. Ra2 d4 36. Ra6+ Ke5 37. Ra5+ Ke6 38. Ra6+ Ke5 39. Ra5+ Ke6
40. Ra6+ 1/2-1/2

[Event "13th Hainan Danzhou GM"]
[Site "Danzhou CHN"]
[Date "2022.12.14"]
[Round "7.1"]
[White "Vachier-Lagrave, Maxime"]
[Black "Rapport, Richard"]
[Result "1-0"]
[WhiteTitle "GM"]
[BlackTitle "GM"]
[WhiteElo "2737"]
[BlackElo "2740"]
[WhiteFideId "623539"]
[BlackFideId "738590"]
[EventDate "2022.12.12"]

1. e4 e6 2. d4 d5 3. Nc3 Bb4 4. Ne2 Nf6 5. e5 Nfd7 6. a3 Be7 7. Be3 c5 8. f4 Nc6
9. dxc5 Nxc5 10. Qd2 O-O 11. O-O-O Bd7 12. Kb1 b5 13. Nd4 Nxd4 14. Bxd4 a5 15.
Qe3 Na4 16. Nxb5 Rb8 17. Nd6 Qc7 18. b3 Bxd6 19. exd6 Qxd6 20. Ka2 Qc6 21. Bd3
Nb6 22. Qh3 h6 23. Qg3 f6 24. Qg6 1-0

[Event "13th Hainan Danzhou GM"]
[Site "Danzhou CHN"]
[Date "2022.12.14"]
[Round "7.2"]
[White "Ding, Liren"]
[Black "Andreikin, Dmitry"]
[Result "1-0"]
[WhiteTitle "GM"]
[BlackTitle "GM"]
[WhiteElo "2811"]
[BlackElo "2729"]
[WhiteFideId "8603677"]
[BlackFideId "4158814"]
[EventDate "2022.12.12"]

1. e4 c5 2. Nf3 e6 3. d4 cxd4 4. Nxd4 Nc6 5. Nc3 a6 6. Nxc6 bxc6 7. Bd3 d5 8.
O-O Nf6 9. Re1 Be7 10. e5 Nd7 11. Qg4 g6 12. Bh6 Rb8 13. Nd1 Bf8 14. Qf4 c5 15.
c4 d4 16. f3 Qc7 17. Re2 Bb7 18. Nf2 Bc6 19. Ng4 a5 20. Rf1 Qd8 21. h4 Bxh6 22.
Qxh6 Qe7 23. h5 gxh5 24. Nf6+ Kd8 25. f4 Qf8 26. Qxh5 Qg7 27. f5 Nxf6 28. exf6
Qg3 29. Qxf7 Qxd3 30. Qe7+ Kc8 31. Rxe6 Bd7 32. Qxc5+ Kd8 33. Qxa5+ Kc8 34. Qc5+
Kd8 35. Re5 Qg3 36. Rf3 Qxf3 37. gxf3 Rg8+ 38. Kf1 Rxb2 39. Qa5+ Kc8 40. Rc5+ 1-0